| 000 | 01209cam a22003375a 4500 | ||
|---|---|---|---|
| 001 | 3048842 | ||
| 005 | 20171228120001.0 | ||
| 008 | 950720s1992 ii a frb 001 0 eng d | ||
| 020 | _a0140446036 | ||
| 020 | _a9780140446036 | ||
| 040 |
_aDLC _cDLC _dDLC _dEG-ScBUE _beng |
||
| 041 | 1 |
_aeng _hsan |
|
| 043 | _aa-ii--- | ||
| 082 | 0 | 4 |
_222 _a320.954 _bKAU |
| 100 | 0 | _a Kauá¹alya. | |
| 240 | 1 | 0 |
_aArthasastra. _lEnglish |
| 245 | 1 | 4 |
_aThe Arthashastra / _cKautilya ; edited, rearranged, translated, and introduced by L.N. Rangarajan. |
| 260 |
_aNew Delhi ; _aNew York : _bPenguin Books India, _c1992. |
||
| 300 |
_axii, 868 p. : _bill. ; _c21 cm. |
||
| 490 | 0 | _aPenguin classics (New Delhi, India) | |
| 504 | _aIncludes bibliographical references and indexes. | ||
| 546 | _aText in English ; Translated from Sanskrit. | ||
| 650 | 7 |
_aPolitical science _zIndia _xHistory _xEarly works to 1800. _2BUEsh |
|
| 650 | 7 |
_aState, The _xEarly works to 1800. _2BUEsh |
|
| 651 | 7 |
_aIndia _xPolitics and government _yTo 997. _2BUEsh |
|
| 651 | 7 |
_aIndia _xSocial conditions. _2BUEsh _922615 |
|
| 653 |
_bGGEN _cDecember2017 |
||
| 700 | 1 | _aRangarajan, L. N. | |
| 830 | 0 | _aPenguin classics (New Delhi, India) | |
| 942 | _2ddc | ||
| 999 |
_c25828 _d25800 |
||